| 000 | 00000cam 2200000za 4500 |
| 001 | 9.639459 |
| 003 | CaOODSP |
| 005 | 20260109080437 |
| 007 | cr ||||||||||| |
| 008 | 150407|1997||||xxc|||||o f|0| 0 fre d |
| 040 | |aCaOODSP|bfre |
| 043 | |an-cn--- |
| 086 | 1 |aC89-42/1997-1F-PDF |
| 110 | 2 |aAgence de promotion économique du Canada atlantique. |
| 245 | 10|aPerspectives de croissance des grappes industrielles basées sur la connaissance au Canada atlantique. Première partie, : |h[ressource électronique]|bConcepts, analyses et recommandations / |
| 260 | |bAgence de promotion économique du Canada atlantique |c31 juillet, 1997. |
| 300 | |a65p.|bfigures, graphique, références, tableaux |
| 500 | |aPour la deuxième partie, veuillez consulter le document ayant le n° de catalogue C89-42/1997-2F-PDF. |
| 590 | |a11-30-Supp|b2011-12-02 |
| 691 | 07|aTechnologie de l'information|2gcpds |
| 710 | 2 |aGroupe Nordicité ltée. |
| 710 | 2 |aHorizon Consulting. |
| 710 | 2 |aSyntel Consulting. |
| 775 | 08|tProspects for growing knowledge-based industrial clusters in Atlantic Canada. Part 1, : |w(CaOODSP)9.695313 |
| 856 | 40|ahttp://publications.gc.ca|qPDF|s236 Ko|uhttps://publications.gc.ca/collections/Collection/C89-42-1997-1F.pdf |